| 000 | 00646nam a2200217Ia 4500 | ||
|---|---|---|---|
| 003 | OSt | ||
| 005 | 20260319140652.0 | ||
| 008 | 220923b |||||||| |||| 00| 0 eng d | ||
| 020 | _a8121923085 | ||
| 037 | _cTextbook | ||
| 040 |
_aRTL _cRTL _beng |
||
| 041 |
_2eng _aeng |
||
| 084 |
_aX:8F P3/TD _qRTL |
||
| 100 |
_aLal, Jawahar _9241555 |
||
| 245 | 0 |
_aAdvanced management accounting: Text and cases _b |
|
| 260 |
_a New Delhi _bS Chand India _c2003 |
||
| 300 |
_aVaruous, Pagination _bincludes bibliographical references and index |
||
| 650 | _aAccounts | ||
| 942 |
_hX:8F, P3/TD _cTB _2CC |
||
| 999 |
_c612031 _d612031 |
||